Programming and Engineering Computing with MATLAB 2018 (Record no. 528328)

000 -LEADER
fixed length control field 00314nam a22001337a 4500
003 - CONTROL NUMBER IDENTIFIER
control field NUST
038 ## - RECORD CONTENT LICENSOR
Staff Name MS
082 ## - DEWEY DECIMAL CLASSIFICATION NUMBER
Classification number 518.028553
Author Mark HUA
100 ## - MAIN ENTRY--PERSONAL NAME
Personal name Huei-Huang
9 (RLIN) 20055
245 ## - TITLE STATEMENT
Title Programming and Engineering Computing with MATLAB 2018
260 ## - PUBLICATION, DISTRIBUTION, ETC.
Place of publication, distribution, etc. USA
Name of publisher, distributor, etc. SDC
Date of publication, distribution, etc. 2018
300 ## - PHYSICAL DESCRIPTION
Extent 528,P;
Dimensions 30cm
942 ## - ADDED ENTRY ELEMENTS (KOHA)
Source of classification or shelving scheme
Koha item type Book
Holdings
Withdrawn status Lost status Source of classification or shelving scheme Damaged status Not for loan Permanent Location Current Location Date acquired Total Checkouts Full call number Barcode Date last seen Date last checked out Price effective from Koha item type
          School of Civil and Environmental Engineering (SCEE) School of Civil and Environmental Engineering (SCEE) 09/06/2019 2 518.028553 LEE NIT-13012 01/27/2026 06/02/2025 09/06/2019 Book
© 2023 Central Library, National University of Sciences and Technology. All Rights Reserved.